<?xml version="1.0" encoding="UTF-8"?><?xml-stylesheet type="text/xsl" href="static/style.xsl"?><OAI-PMH xmlns="http://www.openarchives.org/OAI/2.0/" xmlns:xsi="http://www.w3.org/2001/XMLSchema-instance" xsi:schemaLocation="http://www.openarchives.org/OAI/2.0/ http://www.openarchives.org/OAI/2.0/OAI-PMH.xsd"><responseDate>2026-06-01T16:46:39Z</responseDate><request verb="GetRecord" identifier="oai:riuma.uma.es:10630/28309" metadataPrefix="marc">https://riuma.uma.es/rest/oai/request</request><GetRecord><record><header><identifier>oai:riuma.uma.es:10630/28309</identifier><datestamp>2026-02-03T12:01:12Z</datestamp><setSpec>com_10630_2254</setSpec><setSpec>col_10630_37959</setSpec></header><metadata><record xmlns="http://www.loc.gov/MARC21/slim" xmlns:dcterms="http://purl.org/dc/terms/" xmlns:doc="http://www.lyncode.com/xoai" xmlns:xsi="http://www.w3.org/2001/XMLSchema-instance" xsi:schemaLocation="http://www.loc.gov/MARC21/slim http://www.loc.gov/standards/marcxml/schema/MARC21slim.xsd">
   <leader>00925njm 22002777a 4500</leader>
   <datafield ind2=" " ind1=" " tag="042">
      <subfield code="a">dc</subfield>
   </datafield>
   <datafield ind2=" " ind1=" " tag="720">
      <subfield code="a">Montero Cabrera, Luis Alberto</subfield>
      <subfield code="e">author</subfield>
   </datafield>
   <datafield ind2=" " ind1=" " tag="260">
      <subfield code="c">2023</subfield>
   </datafield>
   <datafield ind2=" " ind1=" " tag="520">
      <subfield code="a">La teoría para la modelación cuántica de sistemas moleculares y poliatómicos en general se aplica hoy en &#xd;
día a través de dos procedimientos principales: los del campo autoconcordado (SCF-MO) y los de la Teoría &#xd;
de los Funcionales de la Densidad (DFT). Se exponen las características principales de ambos enfoques y &#xd;
de sus formas de implementación contemporáneas a través de funciones de un solo electrón, de la &#xd;
interacción de configutaciones (CI) y las teorías dependientes del tiempo (TD). Se aborda la deficición de &#xd;
excitones moleculares como una adecuación de los excitones de Frenckel de sistemas cristalinos para &#xd;
moléculas y agregados moleculares. Se didute la necesidad de un enfoque más cercano a la realidad física &#xd;
con la consideración de al menos todos los electrones de valencia o atados con menor energía a los sistemas.&#xd;
Así se desarrolla la gráfica de los mapas de cargas en diversoso estados electrónicos y la del uso de un &#xd;
término de interacción electónica como el de Coulomb – intercambio para la descripción de las &#xd;
características de los excitones y de las posibilidades de estos cálculos para ayudar al diceño de sistemas &#xd;
fotovoltáicos moleculares eficientes y baratos. Se exponen varios elemplos y aplicaciones tales como la de &#xd;
la fisión de singletes</subfield>
   </datafield>
   <datafield ind1="8" ind2=" " tag="024">
      <subfield code="a">https://hdl.handle.net/10630/28309</subfield>
   </datafield>
   <datafield tag="653" ind2=" " ind1=" ">
      <subfield code="a">Excitones, Teoría de los</subfield>
   </datafield>
   <datafield tag="653" ind2=" " ind1=" ">
      <subfield code="a">Química física</subfield>
   </datafield>
   <datafield ind2="0" ind1="0" tag="245">
      <subfield code="a">¿Cómo son los modelos de excitones moleculares y qué podemos aprender de la  representación de sus mapas electrónicos?</subfield>
   </datafield>
</record>
</metadata></record></GetRecord></OAI-PMH>